[Event "Qualifikationsturnier zu Staat"]
[Site "KOeflach"]
[Date "2006.09.03"]
[Round "2"]
[Board "1"]
[White "Ferrari, Josef"]
[Black "Neumeier, Klaus"]
[Result "1/2-1/2"]
[WhiteElo "2152"]
[BlackElo "2283"]
[PlyCount "51"]
[EventDate "2006.09.02"]
[EventRounds "9"]
[EventCountry "AUT"]

1.d4 Nf6 2.c4 g6 3.Nc3 Bg7 4.e4 d6 5.f3 O-O 6.Be3 Nc6 7.Nge2 a6 8.Qd2 Rb8 9.h4
h5 10.Nc1 e5 11.d5 Nd4 12.N1e2 c5 13.dxc6 bxc6 14.Nxd4 exd4 15.Bxd4 Re8 16.Be2
d5 17.cxd5 Rb4 18.Bc5 Nxe4 19.fxe4 Bxc3 20.Qxc3 Rbxe4 21.O-O Rxe2 22.dxc6 Qxh4
23.Rf2 Rxf2 24.Bxf2 Qg4 25.Re1 Rxe1+ 26.Qxe1

[Event "Qualifikationsturnier zu Staat"]
[Site "KOeflach"]
[Date "2006.09.03"]
[Round "2"]
[Board "1"]
[White "Schachinger, Mario"]
[Black "Hatzl, Johannes"]
[Result "0-1"]
[WhiteElo "2277"]
[BlackElo "2113"]
[PlyCount "56"]
[EventDate "2006.09.02"]
[EventRounds "9"]
[EventCountry "AUT"]

1.d4 d5 2.c4 c6 3.Nf3 e6 4.Nc3 dxc4 5.a4 Bb4 6.Bd2 b5 7.e3 Qe7 8.b3 Bxc3 9.Bxc3
b4 10.Bd2 c3 11.Bc1 Nf6 12.a5 Nbd7 13.Ra4 O-O 14.Qd3 c5 15.Qc4 Rb8 16.Be2 e5
17.O-O Bb7 18.dxc5 Bd5 19.Qh4 e4 20.Nd4 Nxc5 21.Nf5 Qe5 22.Qg5 Nfd7 23.Ne7+ Kh8
24.Qxe5 Nxe5 25.Nxd5 Nxa4 26.bxa4 Rfd8 27.Rd1 Nd3 28.Nc7 c2

[Event "Qualifikationsturnier zu Staat"]
[Site "KOeflach"]
[Date "2006.09.03"]
[Round "2"]
[Board "1"]
[White "Prager, Manfred"]
[Black "Schnider, Gert"]
[Result "0-1"]
[WhiteElo "2035"]
[BlackElo "2270"]
[PlyCount "96"]
[EventDate "2006.09.02"]
[EventRounds "9"]
[EventCountry "AUT"]

1.e4 c5 2.Nf3 Nc6 3.d4 cxd4 4.Nxd4 d5 5.exd5 Qxd5 6.Be3 e6 7.Nc3 Bb4 8.Ndb5 Qe5
9.a3 Be7 10.Be2 a6 11.Nd4 Bd7 12.Nf3 Qa5 13.O-O Nf6 14.Bd3 O-O 15.Qe2 Ne5
16.Nxe5 Qxe5 17.f4 Qa5 18.Kh1 Bc6 19.Bd2 Qb6 20.f5 Bd7 21.b4 Rfe8 22.fxe6 Bxe6
23.Ne4 Bd5 24.Qf2 Qc7 25.Nxf6+ Bxf6 26.Rad1 Bc4 27.Bf4 Qc6 28.Bxc4 Qxc4 29.Qf3
b5 30.Rde1 Bc3 31.Re3 Rac8 32.Rd3 Bf6 33.Rd7 Qc6 34.Rd6 Qxf3 35.gxf3 Re6 36.Rfd1
Rce8 37.Kg1 h6 38.Kf1 Bb2 39.Rxe6 Rxe6 40.Bc1 Bxc1 41.Rxc1 Re3 42.c3 Rxf3+
43.Kg2 Rd3 44.a4 bxa4 45.c4 Rb3 46.b5 axb5 47.c5 Rd3 48.c6 Rd8

[Event "Qualifikationsturnier zu Staat"]
[Site "KOeflach"]
[Date "2006.09.03"]
[Round "2"]
[Board "1"]
[White "Holzer, Gerhard"]
[Black "Poetz, Florian"]
[Result "1-0"]
[WhiteElo "2251"]
[BlackElo "2079"]
[PlyCount "81"]
[EventDate "2006.09.02"]
[EventRounds "9"]
[EventCountry "AUT"]

1.c4 c5 2.g3 g6 3.Bg2 Bg7 4.Nc3 e6 5.e3 Ne7 6.Nge2 Nbc6 7.O-O O-O 8.d4 cxd4
9.exd4 d5 10.cxd5 exd5 11.Bg5 Be6 12.Qd2 Qd7 13.Bh6 Rad8 14.Bxg7 Kxg7 15.Nf4 Nf5
16.Nce2 Rfe8 17.b4 Nce7 18.a4 Nd6 19.Nxe6+ Qxe6 20.Nf4 Qf5 21.Rac1 Qd7 22.b5 a6
23.bxa6 bxa6 24.Qa5 Ndf5 25.Rfd1 g5 26.Nh5+ Kg6 27.g4 Nd6 28.h3 Nc4 29.Qxa6+ Qd6
30.Qxd6+ Rxd6 31.Bf1 Nb2 32.Re1 Re6 33.Bb5 Ra8 34.Rxe6+ fxe6 35.Rc7 Kf7 36.f4
gxf4 37.Nxf4 Nxa4 38.Bd7 Ra6 39.Nd3 Kf6 40.Rc1 Ng6 41.Ra1

[Event "Qualifikationsturnier zu Staat"]
[Site "KOeflach"]
[Date "2006.09.03"]
[Round "2"]
[Board "1"]
[White "Wersching, Alfred"]
[Black "Roth, Peter"]
[Result "1-0"]
[WhiteElo "2080"]
[BlackElo "2249"]
[PlyCount "141"]
[EventDate "2006.09.02"]
[EventRounds "9"]
[EventCountry "AUT"]

1.d4 e6 2.c4 f5 3.g4 fxg4 4.h3 Qh4 5.Bf4 Bd6 6.Bxd6 cxd6 7.Bg2 g3 8.f3 Ne7 9.Qd2
O-O 10.Nc3 Nbc6 11.e3 e5 12.d5 Na5 13.b3 b6 14.Ne4 Nf5 15.Ne2 Ba6 16.O-O Bxc4
17.f4 Bxe2 18.Qxe2 Rae8 19.Rac1 Nb7 20.b4 Nd8 21.Rc7 a5 22.bxa5 bxa5 23.Rxd7 Re7
24.Rxe7 Qxe7 25.Qd3 Nf7 26.Kh1 N7h6 27.Ng5 exf4 28.exf4 g6 29.Ne6 Rb8 30.Rc1 Qb7
31.Ng5 Qb2 32.Rg1 Qb5 33.Qc3 Qb7 34.Qf6 Qe7 35.Qc3 a4 36.Re1 Qg7 37.Qc6 Rf8
38.Ne6 Qe7 39.Qxa4 Nh4 40.Rg1 Re8 41.Be4 N6f5 42.Rc1 Rb8 43.Qc2 Qb7 44.Rb1 g2+
45.Kh2 Nf3+ 46.Kxg2 Ne3+ 47.Kxf3 Nxc2 48.Rxb7 Ne1+ 49.Ke2 Rxb7 50.Kxe1 Rb2
51.Ng5 Rxa2 52.Nf3 Kf7 53.Nd2 Ra3 54.h4 Kf6 55.Kf2 h6 56.Nf3 Ra1 57.Bd3 Ra5
58.Be4 Ra1 59.Ke3 Ra3+ 60.Bd3 Ra4 61.Nd2 Ra1 62.Nc4 Rh1 63.Nxd6 Rxh4 64.Ne4+ Ke7
65.d6+ Kd8 66.Nc5 g5 67.fxg5 hxg5 68.Bb5 Rh7 69.Ne6+ Kc8 70.Nxg5 Rg7 71.Kf4

[Event "Qualifikationsturnier zu Staat"]
[Site "KOeflach"]
[Date "2006.09.03"]
[Round "2"]
[Board "1"]
[White "FrOewis, Georg"]
[Black "Wukits, Rene"]
[Result "0-1"]
[WhiteElo "2112"]
[BlackElo "2298"]
[PlyCount "164"]
[EventDate "2006.09.02"]
[EventRounds "9"]
[EventCountry "AUT"]

1.e4 d5 2.exd5 Qxd5 3.Nc3 Qd6 4.g3 Nf6 5.Bg2 Bg4 6.Nge2 c6 7.d4 e6 8.O-O Be7
9.Bf4 Qd8 10.Qd2 Nbd7 11.Be3 O-O 12.Nf4 e5 13.Nd3 exd4 14.Bxd4 Qc7 15.Rfe1 Rfe8
16.Ne4 Rad8 17.Nxf6+ Bxf6 18.Bxf6 Nxf6 19.Rxe8+ Rxe8 20.Re1 Rxe1+ 21.Qxe1 Kf8
22.Qc3 Qd7 23.Qc5+ Kg8 24.Qxa7 h5 25.Qb8+ Kh7 26.Qf4 Qe6 27.a3 Qe2 28.Qe3 Qxc2
29.Bf1 Bf5 30.b4 Kg8 31.Qe2 Qb1 32.Nf4 Qa1 33.Qe3 g6 34.Ne2 Ng4 35.Qc1 Qa2 36.h3
Ne5 37.Nd4 Be4 38.Qc5 Bd5 39.Qe7 Nc4 40.Bxc4 Bxc4 41.Qe8+ Kh7 42.Qe3 Qb1+ 43.Kh2
Bd5 44.Nf3 Qf5 45.Ng5+ Kg7 46.h4 b5 47.Nh3 Qe4 48.Qxe4 Bxe4 49.Kg1 Kf6 50.Kf1
Ke5 51.Ke2 Kd4 52.Kd2 Kc4 53.Ng5 Bd5 54.Kc2 Kd4 55.Nh7 Be6 56.Nf6 Bf5+ 57.Kd2
Kc4 58.f3 Kd4 59.Ne8 Ke5 60.Nc7 Bc8 61.Na8 Kd4 62.Nc7 Kc4 63.Ne8 Kb3 64.Nd6 Be6
65.Nb7 Bd5 66.f4 Kxa3 67.Kc3 Ka2 68.Kd4 Kb3 69.Kc5 Kc3 70.Nd8 Kd3 71.Nb7 Ke3
72.Nd8 Kd3 73.Nb7 f6 74.Nd8 Bg2 75.Ne6 Ke3 76.Nd4 Kf2 77.Nxc6 Kxg3 78.Kxb5 Kxf4
79.Kc5 Bf1 80.Ne7 g5 81.Nd5+ Ke5 82.Ne3 Be2

[Event "Qualifikationsturnier zu Staat"]
[Site "KOeflach"]
[Date "2006.09.03"]
[Round "2"]
[Board "1"]
[White "Holzbauer, Johannes"]
[Black "Schwab, Rene"]
[Result "0-1"]
[WhiteElo "2098"]
[BlackElo "2224"]
[PlyCount "98"]
[EventDate "2006.09.02"]
[EventRounds "9"]
[EventCountry "AUT"]

1.d4 c6 2.e4 d5 3.exd5 cxd5 4.Bd3 g6 5.c3 Bf5 6.Nf3 Nc6 7.O-O Bg7 8.Bf4 e6 9.Re1
Nge7 10.h3 Qd7 11.Na3 Bxd3 12.Qxd3 a6 13.Nc2 Nf5 14.a4 O-O 15.g4 Nd6 16.Bxd6
Qxd6 17.Ne3 Rfc8 18.Kg2 Qf4 19.Nd2 b6 20.Kg1 Na5 21.Ng2 Qc7 22.Ne3 Nb7 23.Rf1
Nd6 24.f4 b5 25.g5 b4 26.Rac1 bxc3 27.bxc3 h5 28.gxh6 Bxh6 29.Ng4 Bg7 30.Ne5 Qe7
31.Kh2 Nf5 32.Nb3 Rab8 33.Nc5 Rb2+ 34.Rc2 Rxc2+ 35.Qxc2 Ne3 36.Qe2 Nxf1+ 37.Qxf1
Rxc5 38.dxc5 Qxc5 39.Qxa6 Bxe5 40.fxe5 Qxc3 41.Qd6 Qc2+ 42.Kg3 Qxa4 43.Qd8+ Kh7
44.Qe7 Qb3+ 45.Kg4 Qd1+ 46.Kg3 Qd3+ 47.Kg2 Qe4+ 48.Kf1 Qf4+ 49.Kg2 d4

[Event "Qualifikationsturnier zu Staat"]
[Site "KOeflach"]
[Date "2006.09.03"]
[Round "2"]
[Board "1"]
[White "Saxer, Bernhard"]
[Black "Winiwarter, Felix"]
[Result "1/2-1/2"]
[WhiteElo "2057"]
[BlackElo "2175"]
[PlyCount "128"]
[EventDate "2006.09.02"]
[EventRounds "9"]
[EventCountry "AUT"]

1.d4 Nf6 2.c4 c5 3.d5 e6 4.Nc3 exd5 5.cxd5 d6 6.e4 g6 7.Nf3 Bg7 8.Bd3 O-O 9.h3
b5 10.Bxb5 Nxe4 11.Nxe4 Qa5+ 12.Nfd2 Qxb5 13.Nxd6 Qa6 14.N2c4 Rd8 15.Qe2 Bf8
16.Bf4 Bb7 17.Nxb7 Qxb7 18.O-O-O Nd7 19.Bg5 Re8 20.Qc2 a5 21.h4 h6 22.Bf4 Ra6
23.h5 g5 24.Bg3 Qb4 25.a3 Qb5 26.Rhe1 Rxe1 27.Rxe1 Nb6 28.Nd6 Bxd6 29.Bxd6 Nxd5
30.Bg3 c4 31.Re5 c3 32.bxc3 Qf1+ 33.Kd2 Nf6 34.Qd3 Qxd3+ 35.Kxd3 Nxh5 36.Re8+
Kg7 37.Be5+ f6 38.Bh2 f5 39.Be5+ Kf7 40.Rh8 Re6 41.Kd4 Nf4 42.Bxf4 Re4+ 43.Kd5
Rxf4 44.f3 Ra4 45.Rxh6 Rxa3 46.c4 Ra2 47.g4 fxg4 48.fxg4 Rd2+ 49.Ke5 Rc2 50.Kd4
a4 51.Ra6 Rg2 52.c5 Rxg4+ 53.Kd5 Rg1 54.c6 Rd1+ 55.Kc5 Ke7 56.Kb6 Kd6 57.Kb7
Rb1+ 58.Kc8 Rc1 59.c7+ Ke5 60.Rxa4 Kf5 61.Rb4 g4 62.Kb7 g3 63.c8=Q+ Rxc8 64.Kxc8
g2

[Event "Qualifikationsturnier zu Staat"]
[Site "KOeflach"]
[Date "2006.09.03"]
[Round "2"]
[Board "1"]
[White "Meier, Alexander"]
[Black "Zojer, Thomas"]
[Result "1/2-1/2"]
[WhiteElo "2145"]
[BlackElo "2088"]
[PlyCount "53"]
[EventDate "2006.09.02"]
[EventRounds "9"]
[EventCountry "AUT"]

1.e4 c5 2.Nf3 Nc6 3.d3 d6 4.g3 e5 5.Bg2 Be7 6.Nbd2 Be6 7.c3 h6 8.O-O Nf6 9.Re1
Qd7 10.Nf1 O-O 11.Ne3 Rfd8 12.d4 cxd4 13.cxd4 exd4 14.Nxd4 Nxd4 15.Qxd4 Qb5
16.Nf5 Bxf5 17.exf5 Rd7 18.g4 d5 19.Be3 Qb4 20.h3 b6 21.Rac1 Rad8 22.a3 Qxd4
23.Bxd4 Kf8 24.Bf1 Bd6 25.Bb5 Rc7 26.b4 Ne4 27.Rxc7

[Event "Qualifikationsturnier zu Staat"]
[Site "KOeflach"]
[Date "2006.09.03"]
[Round "2"]
[Board "1"]
[White "Mittendorfer, Josef"]
[Black "Brunner, Gerhard"]
[Result "1-0"]
[WhiteElo "2127"]
[BlackElo "2027"]
[PlyCount "73"]
[EventDate "2006.09.02"]
[EventRounds "9"]
[EventCountry "AUT"]

1.d4 d6 2.c4 e5 3.e4 exd4 4.Qxd4 Nf6 5.Nc3 Nc6 6.Qd3 Be7 7.Be2 O-O 8.h3 b6 9.Be3
Bb7 10.O-O-O Re8 11.a3 a5 12.f4 Bf8 13.Bf3 Nd7 14.Qc2 Ncb8 15.Nge2 Na6 16.g4
Nac5 17.Ng3 g6 18.h4 Bg7 19.h5 Bxc3 20.Qxc3 Nxe4 21.Nxe4 Bxe4 22.hxg6 fxg6
23.Bxe4 Rxe4 24.Qd3 Re7 25.f5 Ne5 26.Qd5+ Rf7 27.fxg6 hxg6 28.Rh6 c6 29.Qh1 Qf6
30.g5 Qg7 31.Rxd6 Raf8 32.Qe4 Rf1+ 33.Kc2 Qe7 34.Rhxg6+ Nxg6 35.Rxg6+ Kf7
36.Rg7+ Kxg7 37.Qxe7+

[Event "Qualifikationsturnier zu Staat"]
[Site "KOeflach"]
[Date "2006.09.04"]
[Round "3"]
[Board "1"]
[White "Lendwai, Reinhard"]
[Black "Neuschmied, Siegfried"]
[Result "1/2-1/2"]
[WhiteElo "2428"]
[BlackElo "2295"]
[PlyCount "64"]
[EventDate "2006.09.02"]
[EventRounds "9"]
[EventCountry "AUT"]

1.e4 d6 2.d4 Nf6 3.Nc3 g6 4.Be3 c6 5.Qd2 Nbd7 6.f3 b5 7.g4 Nb6 8.Bd3 a6 9.h4 h6
10.Nge2 Qc7 11.Nd1 Bb7 12.e5 Nfd5 13.e6 f5 14.gxf5 gxf5 15.Bxf5 O-O-O 16.b3 Nxe3
17.Nxe3 h5 18.f4 d5 19.Bh3 Bg7 20.Nf5 Bf6 21.Rg1 Kb8 22.c3 c5 23.Qe3 cxd4
24.cxd4 Nc8 25.Rc1 Qa5+ 26.Qd2 Qb6 27.Qe3 Nd6 28.Nxd6 Bxh4+ 29.Kd1 Rxd6 30.b4
Bf6 31.Rc5 Rc6 32.Rg6 Rf8

[Event "Qualifikationsturnier zu Staat"]
[Site "KOeflach"]
[Date "2006.09.04"]
[Round "3"]
[Board "1"]
[White "Lenz, Alarich"]
[Black "Baumegger, Siegfried"]
[Result "0-1"]
[WhiteElo "2196"]
[BlackElo "2411"]
[PlyCount "62"]
[EventDate "2006.09.02"]
[EventRounds "9"]
[EventCountry "AUT"]

1.d4 d5 2.c4 dxc4 3.Nf3 Nf6 4.e3 Bg4 5.Bxc4 e6 6.O-O Nbd7 7.Nc3 Bb4 8.Qe2 O-O
9.h3 Bh5 10.Rd1 Qe7 11.e4 e5 12.d5 h6 13.a3 Bxc3 14.bxc3 Nc5 15.Bd3 Bg6 16.Nd2
Nxd5 17.exd5 Nxd3 18.Nf3 Nxc1 19.Raxc1 Rfe8 20.Qb5 Be4 21.Qxb7 Bxf3 22.gxf3 Qg5+
23.Kh2 Qf4+ 24.Kg2 e4 25.fxe4 Rab8 26.Qxa7 Rb6 27.d6 Qxe4+ 28.Kg1 Re5 29.Qxb6
Rg5+ 30.Kf1 Qc4+ 31.Ke1 cxb6

[Event "Qualifikationsturnier zu Staat"]
[Site "KOeflach"]
[Date "2006.09.04"]
[Round "3"]
[Board "1"]
[White "Hoelzl, Franz"]
[Black "Srienz, Christian"]
[Result "1-0"]
[WhiteElo "2351"]
[BlackElo "2261"]
[PlyCount "95"]
[EventDate "2006.09.02"]
[EventRounds "9"]
[EventCountry "AUT"]

1.c4 Nf6 2.Nf3 c5 3.g3 Nc6 4.Bg2 Nd4 5.O-O Nxf3+ 6.exf3 g6 7.d4 cxd4 8.Qxd4 Bg7
9.Nc3 O-O 10.Qh4 d6 11.Re1 Be6 12.Bg5 Rc8 13.b3 Rc5 14.Na4 Rf5 15.Rad1 Bd7 16.g4
Ra5 17.Nc3 Be6 18.h3 Re8 19.Bd2 Rc5 20.f4 b6 21.Qg3 Bd7 22.Be3 Rc7 23.Bd4 Bc6
24.Nb5 Bxb5 25.cxb5 Nd7 26.Bxg7 Kxg7 27.Qe3 Rc2 28.a4 Qc7 29.Bc6 Kg8 30.Qd3 Rc5
31.b4 Rxc6 32.bxc6 Qxc6 33.Qb5 Qc8 34.Rc1 Qd8 35.Qc6 Nf8 36.Qc7 Ne6 37.Qxd8 Rxd8
38.f5 gxf5 39.gxf5 Nd4 40.Rxe7 a6 41.f6 Ne6 42.Rc6 d5 43.Rxb6 d4 44.Reb7 Rd5
45.Rb8+ Nd8 46.Rxa6 Kf8 47.Raa8 Ke8 48.Kf1

[Event "Qualifikationsturnier zu Staat"]
[Site "KOeflach"]
[Date "2006.09.04"]
[Round "3"]
[Board "1"]
[White "Bawart, Markus"]
[Black "Holzer, Gerhard"]
[Result "1-0"]
[WhiteElo "2334"]
[BlackElo "2251"]
[PlyCount "97"]
[EventDate "2006.09.02"]
[EventRounds "9"]
[EventCountry "AUT"]

1.Nf3 c5 2.g3 b6 3.Bg2 Bb7 4.O-O g6 5.c4 Bg7 6.Nc3 Nf6 7.d4 cxd4 8.Qxd4 O-O
9.Qh4 d6 10.Rd1 Nbd7 11.Bg5 Rc8 12.Rac1 Re8 13.b3 Qc7 14.Bh3 a6 15.Nd5 Bxd5
16.cxd5 Qb7 17.Bxf6 Rxc1 18.Rxc1 Nxf6 19.Qc4 b5 20.Qc6 Qxc6 21.dxc6 e6 22.c7 Rc8
23.Nd4 Ne8 24.Nxe6 Bh6 25.Rc6 Kh8 26.Nd8 Rxc7 27.Rxc7 Nxc7 28.Nxf7+ Kg7 29.Nxd6
Nd5 30.Bc8 Nc3 31.Bxa6 Nxe2+ 32.Kf1 Nc1 33.Bxb5 Nxa2 34.f4 Kf8 35.Bc4 Ke7 36.Ne4
Bg7 37.Ke2 Nc3+ 38.Kd3 Nxe4 39.Kxe4 Bc3 40.Bg8 h6 41.g4 Be1 42.Kd5 Kf6 43.Be6
Bd2 44.f5 h5 45.h3 Kg5 46.Kc4 gxf5 47.gxf5 Kf6 48.b4 Ke5 49.Kc5

[Event "Qualifikationsturnier zu Staat"]
[Site "KOeflach"]
[Date "2006.09.04"]
[Round "3"]
[Board "1"]
[White "Steiner, Bruno"]
[Black "Genser, Harald"]
[Result "1/2-1/2"]
[WhiteElo "2253"]
[BlackElo "2332"]
[PlyCount "87"]
[EventDate "2006.09.02"]
[EventRounds "9"]
[EventCountry "AUT"]

1.d4 d5 2.Bf4 Nf6 3.e3 c5 4.dxc5 e6 5.Nc3 Bxc5 6.Nb5 Na6 7.a3 O-O 8.Nf3 Bd7 9.b4
Be7 10.Ne5 Be8 11.c4 Bxb5 12.cxb5 Nc7 13.Rc1 Nce8 14.Bd3 Bd6 15.Bg3 Nd7 16.Nf3
Rc8 17.Ke2 h6 18.Rxc8 Qxc8 19.Qc1 Qb8 20.Qc3 Bxg3 21.hxg3 Nd6 22.Qd4 Rc8 23.g4
f6 24.g5 hxg5 25.Qg4 Nf8 26.Nd4 Re8 27.Qh5 Nf7 28.Bh7+ Nxh7 29.Qxh7+ Kf8 30.Qg6
Ke7 31.Rc1 Rc8 32.Rc5 Rxc5 33.bxc5 Qc7 34.c6 bxc6 35.bxc6 Qa5 36.Qc2 Qa6+ 37.Ke1
Nd6 38.Qh7 Nf7 39.Qxg7 Qxa3 40.Qg8 Qa5+ 41.Ke2 Nd8 42.Qg7+ Nf7 43.Qg8 Nd8
44.Qg7+

[Event "Qualifikationsturnier zu Staat"]
[Site "KOeflach"]
[Date "2006.09.04"]
[Round "3"]
[Board "1"]
[White "Petschar, Kurt"]
[Black "Wersching, Alfred"]
[Result "1-0"]
[WhiteElo "2284"]
[BlackElo "2080"]
[PlyCount "122"]
[EventDate "2006.09.02"]
[EventRounds "9"]
[EventCountry "AUT"]

1.d4 d5 2.Nf3 Nf6 3.c4 e6 4.Nc3 Be7 5.Bg5 h6 6.Bh4 c6 7.e3 O-O 8.Bd3 dxc4 9.Bxc4
Nd5 10.Bxe7 Qxe7 11.Qb3 Nxc3 12.Qxc3 Nd7 13.O-O b5 14.Be2 Bb7 15.Rfd1 a5 16.a3
b4 17.axb4 axb4 18.Qd2 Rxa1 19.Rxa1 Ra8 20.Rxa8+ Bxa8 21.Ne1 e5 22.Bf3 Kf8
23.Nc2 e4 24.Be2 c5 25.dxc5 b3 26.c6 Bxc6 27.Nd4 Bd5 28.Qa5 Nf6 29.Nf5 Qd7
30.Qc5+ Kg8 31.Ne7+ Kh7 32.Nxd5 Nxd5 33.Bb5 Qb7 34.h3 Nf6 35.Bc4 Kg8 36.Qa3 Qb8
37.Qxb3 Qxb3 38.Bxb3 Kf8 39.Kf1 Ke7 40.Ke2 Ne8 41.Kd2 f5 42.Kc3 Kd6 43.Kd4 Nf6
44.Bf7 g5 45.b4 h5 46.b5 h4 47.Bg6 Ke6 48.b6 Nd7 49.b7 Nb8 50.Be8 g4 51.hxg4
fxg4 52.Bg6 h3 53.gxh3 gxh3 54.Bxe4 h2 55.Kd3 Nd7 56.Ke2 Kd6 57.Kf1 Kc7 58.Kg2
Nf6 59.Bf3 h1=Q+ 60.Kxh1 Ng4 61.Bxg4 Kxb7

[Event "Qualifikationsturnier zu Staat"]
[Site "KOeflach"]
[Date "2006.09.04"]
[Round "3"]
[Board "1"]
[White "Hatzl, Johannes"]
[Black "Ganaus, Hannes"]
[Result "1/2-1/2"]
[WhiteElo "2113"]
[BlackElo "2318"]
[PlyCount "46"]
[EventDate "2006.09.02"]
[EventRounds "9"]
[EventCountry "AUT"]

1.e4 c5 2.c3 g6 3.g3 d5 4.d3 Nc6 5.Bg2 Nf6 6.Qc2 Bg7 7.Ne2 O-O 8.O-O e5 9.Bg5
Be6 10.f4 dxe4 11.dxe4 h6 12.Bxf6 Bxf6 13.f5 Bd7 14.Nd2 Qc7 15.Rad1 Na5 16.c4
Nc6 17.Nc3 Nd4 18.Nd5 Qd6 19.Qd3 Bd8 20.Nf3 g5 21.Qa3 Nc2 22.Qb3 Nd4 23.Qa3 Nc2

[Event "Qualifikationsturnier zu Staat"]
[Site "KOeflach"]
[Date "2006.09.04"]
[Round "3"]
[Board "1"]
[White "Schwab, Rene"]
[Black "Fahrner, Kurt"]
[Result "0-1"]
[WhiteElo "2224"]
[BlackElo "2346"]
[PlyCount "71"]
[EventDate "2006.09.02"]
[EventRounds "9"]
[EventCountry "AUT"]

1.c4 Nf6 2.g3 c6 3.Bg2 d5 4.b3 Bf5 5.Nf3 Nbd7 6.O-O e5 7.d3 dxc4 8.Nh4 Be6
9.dxc4 Bc5 10.Nc3 O-O 11.Qc2 Re8 12.Bb2 Qc7 13.Rac1 Bf8 14.a3 a5 15.Nb1 Rad8
16.Nd2 Nc5 17.Bc3 Bg4 18.f3 Bc8 19.Kh1 Ne6 20.Ra1 Nd4 21.Bxd4 exd4 22.Ne4 Nxe4
23.fxe4 Qe5 24.Qd3 g6 25.e3 dxe3 26.Qxe3 f5 27.Rfe1 fxe4 28.Ra2 Qd4 29.Qg5 a4
30.bxa4 Be7 31.Qh6 Bf8 32.Qc1 e3 33.a5 Qd2 34.Qb1 Qxa5 35.h3 Qe5 36.Rae2

[Event "Qualifikationsturnier zu Staat"]
[Site "KOeflach"]
[Date "2006.09.04"]
[Round "3"]
[Board "1"]
[White "Wukits, Rene"]
[Black "Ferrari, Josef"]
[Result "1/2-1/2"]
[WhiteElo "2298"]
[BlackElo "2152"]
[PlyCount "42"]
[EventDate "2006.09.02"]
[EventRounds "9"]
[EventCountry "AUT"]

1.c4 c5 2.g3 e6 3.Bg2 Nc6 4.Nf3 d5 5.cxd5 exd5 6.d4 Nf6 7.O-O Be7 8.Nc3 cxd4
9.Nxd4 O-O 10.Bg5 h6 11.Be3 Re8 12.Qa4 Bd7 13.Rad1 Na5 14.Qc2 Nc4 15.Bc1 Rc8
16.Qb1 Bc5 17.Nxd5 Nxd5 18.Bxd5 Bh3 19.Nf5 Qf6 20.e4 Ne5 21.b4 Nf3+

[Event "Qualifikationsturnier zu Staat"]
[Site "KOeflach"]
[Date "2006.09.04"]
[Round "3"]
[Board "1"]
[White "Wiedner, Robert"]
[Black "Titz, Heimo"]
[Result "1/2-1/2"]
[WhiteElo "2143"]
[BlackElo "2286"]
[PlyCount "81"]
[EventDate "2006.09.02"]
[EventRounds "9"]
[EventCountry "AUT"]

1.e4 c5 2.Nf3 e6 3.d4 cxd4 4.Nxd4 Nc6 5.Nc3 Qc7 6.Be3 a6 7.a3 Nf6 8.Be2 d6 9.Qd2
Bd7 10.O-O Be7 11.Rfd1 Nxd4 12.Bxd4 Bc6 13.Qe3 b5 14.Qg3 O-O 15.Bf3 Rfd8 16.Rd2
a5 17.e5 dxe5 18.Bxe5 Qb7 19.Bxc6 Qxc6 20.Rad1 Rxd2 21.Rxd2 b4 22.axb4 axb4
23.Bxf6 Bxf6 24.Nd1 g6 25.Qb3 Ra1 26.Qxb4 Qxc2 27.Qb8+ Kg7 28.Qd6 Qe4 29.Kf1 Be5
30.Qd7 Bxh2 31.g3 Bxg3 32.fxg3 Qf3+ 33.Ke1 Qxg3+ 34.Rf2 Kh6 35.Qd2+ g5 36.Qd4 e5
37.Qd6+ Kh5 38.Qd5 Qg1+ 39.Ke2 Qg4+ 40.Ke1 Qg1+ 41.Ke2

[Event "Qualifikationsturnier zu Staat"]
[Site "KOeflach"]
[Date "2006.09.04"]
[Round "3"]
[Board "1"]
[White "Neumeier, Klaus"]
[Black "Mittendorfer, Josef"]
[Result "1-0"]
[WhiteElo "2283"]
[BlackElo "2127"]
[PlyCount "37"]
[EventDate "2006.09.02"]
[EventRounds "9"]
[EventCountry "AUT"]

1.e4 e5 2.Nf3 Nf6 3.d4 Nxe4 4.Bd3 d5 5.Nxe5 Nd7 6.Nxd7 Bxd7 7.O-O Bd6 8.Nc3 Nxc3
9.bxc3 O-O 10.Qh5 f5 11.Re1 c6 12.Bg5 Qc7 13.c4 b6 14.Qf3 dxc4 15.Bxc4+ Kh8
16.Qh5 Be8 17.Qh4 Bg6 18.Re6 Be8 19.Rxd6

[Event "Qualifikationsturnier zu Staat"]
[Site "KOeflach"]
[Date "2006.09.04"]
[Round "3"]
[Board "1"]
[White "Gneiss, Karl"]
[Black "Krebs, Johann"]
[Result "0-1"]
[WhiteElo "2103"]
[BlackElo "2276"]
[PlyCount "58"]
[EventDate "2006.09.02"]
[EventRounds "9"]
[EventCountry "AUT"]

1.e4 c5 2.Nf3 Nc6 3.d4 cxd4 4.Nxd4 Nf6 5.Nc3 e5 6.Ndb5 d6 7.Bg5 a6 8.Na3 b5
9.Nd5 Be7 10.Bxf6 Bxf6 11.Be2 O-O 12.O-O Bg5 13.c3 Ne7 14.Nc2 Nxd5 15.Qxd5 Be6
16.Qd3 Qb6 17.Nb4 Kh8 18.Rad1 Rad8 19.Nd5 Qa7 20.Kh1 Rd7 21.c4 Rc8 22.cxb5 axb5
23.Qb3 Rdc7 24.Bxb5 Rc2 25.f3 h5 26.Qb4 Qxa2 27.Rb1 Bd2 28.Qxd6 Qxb1 29.Nc3 Qxb2

[Event "Qualifikationsturnier zu Staat"]
[Site "KOeflach"]
[Date "2006.09.04"]
[Round "3"]
[Board "1"]
[White "Halvax, Georg"]
[Black "Dietmayer Kraeutler, Marco"]
[Result "0-1"]
[WhiteElo "1969"]
[BlackElo "2246"]
[PlyCount "68"]
[EventDate "2006.09.02"]
[EventRounds "9"]
[EventCountry "AUT"]

1.e4 d5 2.exd5 Qxd5 3.Nf3 Nf6 4.d4 Bg4 5.Be2 e6 6.O-O Nc6 7.Be3 Be7 8.Nbd2 O-O
9.c3 Rfe8 10.h3 Bh5 11.Bd3 a6 12.Qc2 Rad8 13.Rfe1 Qd7 14.Bf4 Bd6 15.Ne5 Nxe5
16.Bxe5 Bg6 17.Bxg6 hxg6 18.Nf3 c5 19.Rad1 Qc6 20.c4 cxd4 21.Nxd4 Qc7 22.Bxd6
Rxd6 23.Rd2 Qa5 24.Re3 Red8 25.Red3 Rxd4 26.Rxd4 Rxd4 27.Rxd4 Qe1+ 28.Kh2 Qe5+
29.g3 Qxd4 30.b4 Ne4 31.Kg2 Nc3 32.Qb3 e5 33.a4 Qe4+ 34.Kg1 Qf3

[Event "Qualifikationsturnier zu Staat"]
[Site "KOeflach"]
[Date "2006.09.04"]
[Round "3"]
[Board "1"]
[White "Zojer, Thomas"]
[Black "Schachinger, Mario"]
[Result "1/2-1/2"]
[WhiteElo "2088"]
[BlackElo "2277"]
[PlyCount "108"]
[EventDate "2006.09.02"]
[EventRounds "9"]
[EventCountry "AUT"]

1.d4 d5 2.Nf3 Nf6 3.c4 c6 4.Nc3 a6 5.c5 Nbd7 6.Bf4 Nh5 7.Bd2 Nhf6 8.Bf4 Nh5
9.Bd2 g6 10.Rc1 Nhf6 11.Bf4 Bg7 12.e3 Nh5 13.Be2 Nxf4 14.exf4 O-O 15.O-O f6
16.Nh4 Bh6 17.Qd3 e5 18.Nxg6 hxg6 19.Qxg6+ Bg7 20.Bd3 Re8 21.Ne4 Nf8 22.Nxf6+
Qxf6 23.Qxe8 e4 24.Be2 Qxf4 25.Rc3 Bg4 26.Qxa8 Bxe2 27.Rg3 Bxf1 28.Qxb7 Qh6
29.Kxf1 Qc1+ 30.Ke2 Qc2+ 31.Ke1 Qc1+ 32.Ke2 Qc4+ 33.Ke1 Qxd4 34.Qxc6 Qb4+ 35.Kd1
Qc4 36.Qf6 Qf1+ 37.Kd2 e3+ 38.Kxe3 Qe1+ 39.Kd3 Ne6 40.Rxg7+ Nxg7 41.Qd8+ Kh7
42.Qxd5 Qd1+ 43.Kc4 Qc2+ 44.Kb4 Qxb2+ 45.Qb3 Qxf2 46.Qd3+ Kg8 47.Qd5+ Kh7 48.Ka5
Qe2 49.c6 Ne6 50.h3 Qe1+ 51.Kb6 Qf2+ 52.Kb7 Qf7+ 53.Kb6 Qf2+ 54.Kb7 Qf7+

[Event "Qualifikationsturnier zu Staat"]
[Site "KOeflach"]
[Date "2006.09.04"]
[Round "3"]
[Board "1"]
[White "Roth, Peter"]
[Black "Meier, Alexander"]
[Result "0-1"]
[WhiteElo "2249"]
[BlackElo "2145"]
[PlyCount "110"]
[EventDate "2006.09.02"]
[EventRounds "9"]
[EventCountry "AUT"]

1.e4 e5 2.Bc4 Nc6 3.Nc3 Nf6 4.d3 Bc5 5.h3 Na5 6.Qf3 Nxc4 7.dxc4 h6 8.Nge2 c6
9.Ng3 d6 10.O-O O-O 11.Na4 Bb4 12.Rd1 Qe7 13.a3 Ba5 14.Rd3 Be6 15.Nf5 Bxf5
16.Qxf5 g6 17.Qf3 Kg7 18.b4 Bc7 19.Bb2 Rad8 20.Qe2 Nh5 21.Rf3 f5 22.exf5 gxf5
23.Re1 Kh7 24.g3 Qg5 25.Qe3 Qxe3 26.Rfxe3 f4 27.Rd3 Rde8 28.g4 e4 29.Rd2 Nf6
30.Bxf6 Rxf6 31.Nc3 e3 32.fxe3 Bb6 33.c5 dxc5 34.Na4 fxe3 35.Rd7+ Kg6 36.Nxb6
axb6 37.bxc5 bxc5 38.Rxb7 Kg5 39.Rb3 Rf3 40.Rc3 Kh4 41.Rxc5 Kg3 42.g5 e2 43.Rxc6
hxg5 44.Rb6 Kxh3 45.a4 Kg3 46.a5 Ref8 47.Rbb1 Rf2 48.Rb3+ Kh4 49.Rbb1 Kg3
50.Rb3+ Kh4 51.Rbb1 g4 52.a6 g3 53.a7 Kh3 54.Ra1 g2 55.Ra3+ R8f3

[Event "Qualifikationsturnier zu Staat"]
[Site "KOeflach"]
[Date "2006.09.04"]
[Round "3"]
[Board "1"]
[White "Poetz, Florian"]
[Black "Kreindl, Helmut"]
[Result "1/2-1/2"]
[WhiteElo "2079"]
[BlackElo "2200"]
[PlyCount "35"]
[EventDate "2006.09.02"]
[EventRounds "9"]
[EventCountry "AUT"]

1.e4 d5 2.exd5 Qxd5 3.Nc3 Qd6 4.d4 Nf6 5.g3 Bg4 6.f3 Bf5 7.Bb5+ c6 8.Bd3 Bg6
9.Nge2 e6 10.Bf4 Qb4 11.a3 Qa5 12.O-O Be7 13.b4 Qd8 14.Ne4 O-O 15.Qd2 Nd5 16.c3
Nd7 17.Rfd1 b6 18.Kg2